Garlic : (Record no. 22289)

MARC details
000 -LEADER
fixed length control field 00773nam a2200277#a 4500
001 - CONTROL NUMBER
control field 00669
003 - CONTROL NUMBER IDENTIFIER
control field HDC
007 - PHYSICAL DESCRIPTION FIXED FIELD--GENERAL INFORMATION
fixed length control field ta
008 - FIXED-LENGTH DATA ELEMENTS--GENERAL INFORMATION
fixed length control field 230623s2000 xx 000 0 eng d
020 ## - INTERNATIONAL STANDARD BOOK NUMBER
International Standard Book Number 0892817259 (pbk.).
040 ## - CATALOGING SOURCE
Original cataloging agency HDC
050 ## - LIBRARY OF CONGRESS CALL NUMBER
Classification number RM 666
Item number .G15 F85 2000
100 ## - MAIN ENTRY--PERSONAL NAME
Personal name Fulder, Stephen.
245 #0 - TITLE STATEMENT
Title Garlic :
Remainder of title nature s original remedy /
Statement of responsibility, etc. Stephen Fulder, John Blackwood.
250 ## - EDITION STATEMENT
Edition statement Newly rev. ed.
264 ## - PRODUCTION, PUBLICATION, DISTRIBUTION, MANUFACTURE, AND COPYRIGHT NOTICE
Place of production, publication, distribution, manufacture Rochester, Vt. :
Name of producer, publisher, distributor, manufacturer Healing Arts Press,
Date of production, publication, distribution, manufacture, or copyright notice c2000.
300 ## - PHYSICAL DESCRIPTION
Extent 135p. :
Other physical details ill. ;
Dimensions 20cm.
500 ## - GENERAL NOTE
General note Includes bibliographical references (p. 125-131) and index.
650 ## - SUBJECT ADDED ENTRY--TOPICAL TERM
Topical term or geographic name entry element Garlic
General subdivision Therapeutic use.
650 ## - SUBJECT ADDED ENTRY--TOPICAL TERM
Topical term or geographic name entry element Garlic.
700 ## - ADDED ENTRY--PERSONAL NAME
Personal name Blackwood, John.
942 ## - ADDED ENTRY ELEMENTS (KOHA)
Source of classification or shelving scheme Library of Congress Classification
942 ## - ADDED ENTRY ELEMENTS (KOHA)
Koha item type Book
942 ## - ADDED ENTRY ELEMENTS (KOHA)
Call number prefix RM 666
942 ## - ADDED ENTRY ELEMENTS (KOHA)
Call number suffix .G15 F85 2000
Holdings
Withdrawn status Lost status Source of classification or shelving scheme Damaged status Not for loan Collection Home library Current library Shelving location Date acquired Total checkouts Full call number Barcode Date last seen Price effective from Koha item type
    Library of Congress Classification     Non-fiction Halal Development Corporation Library Halal Development Corporation Library Open Shelves 17/11/2020   RM 666 .G15 F85 2000 HDC 0000322 24/05/2023 24/05/2023 Book
Halal Development Corporation Berhad (HDC)
5.02 Level 5, KPMG Tower, First Avenue, Persiaran Bandar Utama, 47800 Petaling Jaya, Selangor Darul Ehsan
Phone: +603 7965 5489 Email: [email protected]